00598nmm a2200169Ia 4500008004100000020001800041041000800059100002900067245011900096264006900215300001800284490002200302650002900324856005100353942000700404999001700411251105s9999||||xx |||||||||||||||||und|| a9788481027983 aspa aSerna Vallejo, Margarita 0aDe los gremios de mareantes a las actuales cofradías pesqueras de Castro Urdiales, Colindres, Laredo y Santoña a[Madrid, España] :bEdiciones Universidad de Cantabria, c2017 a245 páginas aCiencias Sociales aHistory of Europe: Spain uhttps://public.digitaliapublishing.com/a/49681 cCF c85750d85750